000 00196nam a2200097Ia 4500
008 240625s9999 xx 000 0 und d
041 _aeng
100 _aDIGIT
245 _aDIGIT CD
260 _c2007
999 _c33612
_d33612